[Event "It"]
[Site "Rio de Janeiro (Brazil)"]
[Round "7"]
[White "German Eugenio (BRA)"]
[Black "Bolbochan Julio (ARG)"]
[Result "0-1"]
[WhiteElo "2315"]
[BlackElo "2440"]

1.Nf3 Nf6 2.d4 g6 3.g3 Bg7 4.Bg2 O-O 5.O-O d5 6.c4 c6 7.cxd5 cxd5 8.Nc3 Nc6
9.Bf4 Ne4 10.Rc1 Be6 11.Qb3 Qb6 12.Qxb6 axb6 13.Rfd1 Nxc3 14.Rxc3 Rxa2 15.Rb3
Nxd4 16.Nxd4 Bxd4 17.Rb4 Bc5 18.Rb5 d4 19.Rc1 Bd7 20.Rb3 Ba4 21.Rd3 Rxb2
22.Bh6 Rxe2 23.Bxf8 Kxf8 24.Bf1 Rb2 25.g4 h6 26.Rf3 Bc6 27.Rh3 d3 {#R} 0-1

[Event "Ch Ukraine"]
[Site "Kiev (Ukraine)"]
[Round "14"]
[White "Levin Naum L (AUS)"]
[Black "Rostovtsev Yuri (ISR)"]
[Result "1-0"]
[WhiteElo "2420"]
[BlackElo "2303"]

1.Nf3 Nf6 2.g3 g6 3.Bg2 Bg7 4.O-O O-O 5.d4 d5 6.c4 c6 7.cxd5 cxd5 8.Ne5 Nbd7
9.Nc3 Nxe5 10.dxe5 Ng4 11.Nxd5 Nxe5 12.Bg5 Nc6 13.Qa4 Bxb2 14.Rad1 Qa5 15.Qxa5
Nxa5 16.Bxe7 Re8 17.Bf6 Be5 18.f4 Bd6 19.Bc3 {#r} 1-0

[Event "It (w)"]
[Site "Ukraine"]
[Round "9"]
[White "Heemskerk Fenny (NED)"]
[Black "Andreieva Olga A (UKR)"]
[Result "0-1"]
[WhiteElo "2005"]
[BlackElo "2250"]

1.Nf3 Nf6 2.c4 g6 3.g3 Bg7 4.Bg2 O-O 5.Nc3 c6 6.O-O d5 7.cxd5 cxd5 8.d4 Ne4
9.Qb3 Nxc3 10.bxc3 Nc6 11.Nd2 e6 12.e4 Na5 13.Qc2 b6 14.Ba3 Re8 15.e5 Ba6
16.Rfe1 Qd7 17.f4 Rac8 18.Re3 Rc7 19.Bd6 Rc6 20.Qa4 Rxd6 21.Qb4 Rc6 22.Rc1
Rec8 23.c4 Bxc4 24.Rec3 R6c7 {#R} 0-1

[Event "Ch Poland"]
[Site "Lublin (Poland)"]
[Round "5"]
[White "Dobrzynski Wojciech (POL)"]
[Black "Pytel Krzysztof (FRA)"]
[Result "0-1"]
[WhiteElo "2285"]
[BlackElo "2305"]

1.d4 Nf6 2.c4 g6 3.Nf3 Bg7 4.g3 O-O 5.Bg2 c6 6.O-O d5 7.cxd5 cxd5 8.Nc3 Ne4
9.Nxe4 dxe4 10.Ne5 Qd5 11.Be3 Nd7 12.Nd3 Nf6 13.Nf4 Qb5 14.Qc2 g5 15.a4 Qb4
16.Nh3 h6 17.Kh1 Be6 18.Qd2 Nd5 19.Ng1 f5 20.Qxb4 Nxb4 21.Rac1 Rac8 22.g4 Rc2
23.gxf5 Bxf5 24.Rxc2 Nxc2 25.Rc1 Rc8 26.b3 Kf7 27.d5 Nxe3 28.Rxc8 Bxc8 29.fxe3
Bf5 30.Nh3 Kf6 31.Nf2 Ke5 32.Kg1 Kxd5 33.Nd3 Bc3 {#R} 0-1

[Event "Ch URS (young masters)"]
[Site "Dubna (Russia)"]
[Round "0"]
[White "Podgaets Mikhail (UKR)"]
[Black "Butnorius Algimantas (LTU)"]
[Result "1-0"]
[WhiteElo "2465"]
[BlackElo "2388"]

1.Nf3 d5 2.g3 g6 3.Bg2 Bg7 4.d4 Nf6 5.O-O O-O 6.c4 c6 7.cxd5 cxd5 8.Nc3 Nc6
9.Ne5 e6 10.Nxc6 bxc6 11.Na4 Nd7 12.Bf4 Ba6 13.Qd2 Bb5 14.Nc3 Qb6 15.Rfd1 Rac8
16.e4 Rfd8 17.Rac1 Bf8 18.h4 Bc4 19.b3 Ba6 20.Bg5 Re8 21.h5 Qa5 22.hxg6 hxg6
23.Bf3 Ba3 24.Rc2 Bb4 25.Kg2 c5 26.Rh1 dxe4 27.Bxe4 Qc7 28.Be7 {#r} 1-0

[Event "Olympiad"]
[Site "Siegen (Germany)"]
[Round "12"]
[White "Naranja Renato (PHI)"]
[Black "Kaplan Julio P (USA)"]
[Result "1-0"]
[WhiteElo "2221"]
[BlackElo "2480"]

1.c4 g6 2.d4 Nf6 3.Nf3 Bg7 4.g3 O-O 5.Bg2 c6 6.O-O d5 7.cxd5 cxd5 8.Ne5 e6
9.Nc3 Nfd7 10.f4 Nc6 11.e3 Ndxe5 12.fxe5 Bd7 13.Bd2 b5 14.a4 b4 15.Na2 Qb6
16.a5 Qxa5 17.Nxb4 Qb5 18.Na6 Rac8 19.b4 Qb6 20.Nc5 Rc7 21.Ra6 Qb5 22.Qa1 Bc8
23.Ra4 a5 24.bxa5 Nxe5 25.a6 Nc4 26.Rb1 Qe8 27.Rxc4 Bxa6 28.Rcc1 {#r} 1-0

[Event "Ch Bulgaria"]
[Site "Sofia (Bulgaria)"]
[Date "1972.02.17"]
[Round "14"]
[White "Kirov Nino (BUL)"]
[Black "Bonchev Stoiko (BUL)"]
[Result "1-0"]
[WhiteElo "2450"]
[BlackElo "2220"]

1.Nf3 d5 2.d4 Nf6 3.g3 g6 4.Bg2 Bg7 5.O-O O-O 6.c4 c6 7.cxd5 cxd5 8.Nc3 Nc6
9.Ne5 Bf5 10.Nxc6 bxc6 11.Na4 Nd7 12.Bf4 Qa5 13.b3 Rac8 14.Rc1 Qb4 15.Be3 Rfe8
16.Qe1 Qb5 17.Qd2 e5 18.dxe5 Rxe5 19.Nc3 Qa6 20.Bd4 Re7 21.Bxg7 Kxg7 22.Rfe1
Nf6 23.e3 Ne4 24.Nxe4 Bxe4 25.Rc5 Bxg2 26.Kxg2 Re6 27.Rec1 h5 28.Ra5 Qb7
29.Qd4+ Rf6 30.Rxa7 Qb5 31.Rc2 Re8 32.a4 Qb8 33.Rxc6 Qd8 34.Raa6 {#r} 1-0

[Event "Tournament"]
[Site "England"]
[Round "0"]
[White "McKay Roderick M (SCO)"]
[Black "Eales Richard G (ENG)"]
[Result "1-0"]
[WhiteElo "2330"]
[BlackElo "2360"]

1.g3 d5 2.Bg2 g6 3.d4 Bg7 4.Nf3 Nf6 5.O-O O-O 6.c4 c6 7.cxd5 cxd5 8.Nc3 Ne4
9.Nd2 Nc6 10.Ndxe4 dxe4 11.d5 Nb4 12.Bxe4 Bh3 13.Re1 Qd7 14.Qb3 Na6 15.Be3 b6
16.Qa3 Qc8 17.Qxe7 Re8 18.Qh4 Re5 19.Bf3 {#r} 1-0

[Event "It"]
[Site "Hannover (Germany)"]
[Round "11"]
[White "Csom Istvan (HUN)"]
[Black "Heilemann Manfred (GER)"]
[Result "1-0"]
[WhiteElo "2490"]
[BlackElo "2294"]

1.Nf3 Nf6 2.g3 d5 3.Bg2 g6 4.O-O Bg7 5.d4 O-O 6.c4 c6 7.cxd5 cxd5 8.Nc3 Nc6
9.Ne5 Nxe5 10.dxe5 Ng4 11.Nxd5 Nxe5 12.Bg5 f6 13.Bf4 Be6 14.Qb3 Kh8 15.Rfd1
Qc8 16.Bxe5 fxe5 17.Rac1 Bxd5 18.Qxd5 Qf5 19.Bf3 Rac8 20.Rxc8 Qxc8 21.Qxb7 Qc2
22.Rd7 Qb1+ 23.Kg2 e4 24.Qxe4 Qxa2 25.Qxe7 Qxb2 26.Rd8 {#r} 1-0

[Event "Ch Lithuania"]
[Site "Kaunas (Lithuania)"]
[Round "0"]
[White "Zhemajitis G"]
[Black "Ragelis Petras (LTU)"]
[Result "0-1"]
[WhiteElo "2200"]
[BlackElo "2200"]

1.d4 Nf6 2.Nf3 g6 3.g3 Bg7 4.Bg2 O-O 5.O-O c6 6.c4 d5 7.cxd5 cxd5 8.Nc3 Ne4
9.Nxe4 dxe4 10.Ne5 Qd5 11.Be3 Bxe5 12.dxe5 Qxe5 13.Bh6 Re8 14.Qa4 Nc6 15.Qxe4
Qxb2 16.Rfb1 Qf6 17.Qf4 Bf5 18.Bg5 Qg7 19.e4 Bc8 20.Qh4 f6 21.Be3 Rb8 22.e5
Nxe5 23.Qa4 Qf7 24.f4 Nc4 25.Bxa7 Ra8 26.Bd5 Be6 27.Bxb7 Rad8 28.Bc6 Rf8
29.Rb7 g5 30.Bc5 Qh5 31.Bd7 Rxd7 32.Rxd7 gxf4 33.Bf2 Qh3 34.Re1 f3 {#R} 0-1

[Event "It \"]
[Site "Manila (Philippines)"]
[Date "1977.11.05"]
[Round "13"]
[White "Mascarinas Rico (PHI)"]
[Black "Sampouw Jacobus S (INA)"]
[Result "0-1"]
[WhiteElo "2345"]
[BlackElo "2260"]

1.Nf3 g6 2.d4 Nf6 3.g3 Bg7 4.Bg2 O-O 5.O-O d5 6.c4 c6 7.cxd5 cxd5 8.Nc3 Nc6
9.Ne5 Bf5 10.Qa4 Qb6 11.Nxc6 bxc6 12.h3 Rfe8 13.g4 Bd7 14.Qd1 h5 15.Na4 Qc7
16.g5 Ne4 17.f4 Rab8 18.Bxe4 dxe4 19.Kg2 Red8 20.e3 Qc8 21.Rh1 e5 22.fxe5 Bxe5
23.Qe2 Bd6 24.b3 Rb5 25.Nc5 Bxc5 26.dxc5 Rxc5 27.Bb2 Rxg5+ 28.Kf2 Bxh3 {#R}
0-1

[Event "?"]
[Site "Daugavpils (Latvia)"]
[Round "0"]
[White "Magerramov Elmar (AZE)"]
[Black "Malaniuk Vladimir P (UKR)"]
[Result "1-0"]
[WhiteElo "2517"]
[BlackElo "2496"]

1.Nf3 g6 2.c4 Bg7 3.d4 Nf6 4.g3 O-O 5.Bg2 c6 6.Nc3 d5 7.cxd5 cxd5 8.Ne5 Nc6
9.O-O Nd7 10.Nxd5 Nxd4 11.Qxd4 Nxe5 12.Qc5 e6 13.Ne7+ Kh8 14.Bf4 Qb6 15.Rac1
Qxb2 16.Nxc8 Nc6 17.Rc2 Qf6 18.Bg5 Qd4 19.Nd6 {#r} 1-0

[Event "Cup Mitropa"]
[Site "Europe"]
[Round "6"]
[White "Cappello Guido (ITA)"]
[Black "Roos Louis (FRA)"]
[Result "1-0"]
[WhiteElo "2215"]
[BlackElo "2353"]

1.d4 Nf6 2.Nf3 g6 3.g3 Bg7 4.Bg2 O-O 5.O-O d5 6.c4 c6 7.cxd5 cxd5 8.Ne5 e6
9.Nc3 Nbd7 10.Nd3 Ne4 11.Bxe4 dxe4 12.Nxe4 Bxd4 13.Bh6 Bg7 14.Qd2 b6 15.Bxg7
Kxg7 16.Qc3+ Kg8 17.Rfd1 Bb7 18.Ndc5 bxc5 19.Rxd7 Bxe4 20.Rxd8 Rfxd8 21.Qxc5
{#r} 1-0

[Event "Tournament"]
[Site "Snekkersten (Denmark)"]
[Round "2"]
[White "Granberg Niels"]
[Black "Larsen Ole (DEN)"]
[Result "0-1"]
[WhiteElo "2200"]
[BlackElo "2174"]

1.Nf3 Nf6 2.d4 g6 3.g3 Bg7 4.c4 c6 5.Bg2 O-O 6.Nc3 d5 7.cxd5 cxd5 8.O-O Ne4
9.Bf4 Nxc3 10.bxc3 Nc6 11.Rb1 b6 12.e4 dxe4 13.Ng5 Ba6 14.Re1 e5 15.dxe5 Nxe5
16.Qa4 Bd3 17.Rbd1 b5 18.Qb3 Qa5 19.Bxe5 Bc4 20.Qc2 Bxe5 21.Nxe4 Rad8 22.f4
Bg7 23.f5 Rxd1 24.Rxd1 Rd8 25.f6 Qb6+ 26.Kh1 Rxd1+ 27.Qxd1 Bxf6 28.Qd2 Qd8
29.Qc2 Kg7 30.h4 Qd3 31.Qf2 Bxc3 32.Qxa7 Bd4 {#R} 0-1

[Event "Ch Baden"]
[Site "Baden (Germany)"]
[Round "0"]
[White "Arnold Lothar (GER)"]
[Black "Werner Clemens (GER)"]
[Result "1-0"]
[WhiteElo "2371"]
[BlackElo "2324"]

1.c4 g6 2.Nc3 Bg7 3.g3 Nf6 4.Bg2 O-O 5.Nf3 c6 6.d4 d5 7.cxd5 cxd5 8.Ne5 b6
9.O-O Bb7 10.Bf4 Nc6 11.Qa4 Rc8 12.Rac1 Kh8 13.Rfd1 e6 14.Nb5 Nxe5 15.dxe5 Nh5
16.Nd6 Nxf4 17.gxf4 Rxc1 18.Rxc1 {#r} 1-0

[Event "It"]
[Site "Karlovac (Slovenia)"]
[Round "10"]
[White "Tatai Stefano (ITA)"]
[Black "Hulak Krunoslav (CRO)"]
[Result "0-1"]
[WhiteElo "2367"]
[BlackElo "2486"]

1.Nf3 Nf6 2.g3 g6 3.Bg2 Bg7 4.O-O O-O 5.d4 c6 6.c4 d5 7.cxd5 cxd5 8.Nc3 Ne4
9.Ne5 Nxc3 10.bxc3 e6 11.Ba3 Re8 12.c4 Nc6 13.cxd5 exd5 14.Nxc6 bxc6 15.e3 h5
16.Qc1 Qf6 17.h3 Bf5 18.Qc3 Bh6 19.Rac1 Re6 20.Qa5 Bxe3 21.fxe3 Rxe3 22.Rc3
Re2 23.Qa4 Rxg2+ 24.Kxg2 Bxh3+ 25.Kxh3 Qxf1+ 26.Kh2 Qf2+ 27.Kh3 Qf1+ 28.Kh2
Re8 29.Rc2 Re1 30.g4 Qg1+ 31.Kh3 Re3+ {#R} 0-1

[Event "Tournament"]
[Site "Snekkersten (Denmark)"]
[Round "1"]
[White "Granberg Niels"]
[Black "Larsen Ole (DEN)"]
[Result "0-1"]
[WhiteElo "2200"]
[BlackElo "2174"]

1.d4 Nf6 2.c4 g6 3.Nf3 Bg7 4.g3 O-O 5.Bg2 c6 6.O-O d5 7.cxd5 cxd5 8.Nc3 Ne4
9.Qb3 Nc6 10.Bf4 Na5 11.Qb4 Nxc3 12.Qxc3 b6 13.Bc7 Qe8 14.Ne5 Ba6 15.b4 Nb7
16.Bxd5 Rc8 17.Rac1 Nd6 18.Qe3 Qb5 19.Bxd6 Qxd5 20.Bxe7 Rfe8 21.Rxc8 Bxc8
22.Rc1 Bb7 23.Nf3 Qd7 {#R} 0-1

[Event "It (cat.12)"]
[Site "Baden-Baden (Germany)"]
[Round "0"]
[White "Vaganian Rafael A (ARM)"]
[Black "Smejkal Jan (CZE)"]
[Result "1-0"]
[WhiteElo "2590"]
[BlackElo "2565"]

1.d4 Nf6 2.c4 g6 3.Nf3 Bg7 4.g3 O-O 5.Bg2 c6 6.Nc3 d5 7.cxd5 cxd5 8.Ne5 e6
9.O-O Nfd7 10.f4 Nxe5 11.fxe5 Nc6 12.Rf2 f6 13.exf6 Bxf6 14.Be3 Bd7 15.Qc2 Bg7
16.Raf1 Rxf2 17.Bxf2 Qe7 18.e4 dxe4 19.Nxe4 Rf8 20.Rd1 Rf5 21.Nc5 Bc8 22.b4
Rf8 23.b5 Nxd4 24.Bxd4 Rd8 25.Qc3 Qd6 26.Bxg7 Qxd1+ 27.Bf1 e5 28.Bxe5 Bh3
29.Qc4+ Rd5 30.Ne4 Kf8 31.Nc3 {#r} 1-0

[Event "Ch Bulgaria"]
[Site "Bulgaria"]
[Round "0"]
[White "Spiridonov Nikola (BUL)"]
[Black "Merdinjan Agop (BUL)"]
[Result "1-0"]
[WhiteElo "2470"]
[BlackElo "2323"]

1.g3 c5 2.Bg2 Nc6 3.Nf3 g6 4.c3 Bg7 5.d4 cxd4 6.cxd4 d5 7.Nc3 Nf6 8.Ne5 O-O
9.Bg5 h6 10.Nxc6 bxc6 11.Bf4 Nd7 12.Qd2 Kh7 13.O-O e5 14.dxe5 Nxe5 15.b3 Bf5
16.Rac1 Rc8 17.Be3 Qd7 18.Rfd1 Rfd8 19.Bd4 Bh3 20.Bh1 Re8 21.Na4 Re7 22.Qf4 g5
23.Qd2 Qg4 24.Rc3 Rce8 25.Re3 Ng6 26.Rxe7 Rxe7 27.Bxg7 Rxe2 28.Qd3 Kxg7 29.Bf3
Ne5 30.Bxe2 {#r} 1-0

[Event "It"]
[Site "Smederevska Palanka (Yugoslavia)"]
[Round "0"]
[White "Ree Hans (NED)"]
[Black "Rogulj Branko (CRO)"]
[Result "0-1"]
[WhiteElo "2520"]
[BlackElo "2460"]

1.Nf3 c5 2.g3 Nc6 3.Bg2 g6 4.c3 Bg7 5.d4 cxd4 6.cxd4 d5 7.Nc3 Nf6 8.Ne5 O-O
9.O-O e6 10.Bg5 h6 11.Nxc6 bxc6 12.Bf4 Nh5 13.Be3 f5 14.Na4 f4 15.Bd2 Qf6
16.g4 f3 17.Bxf3 Nf4 18.e3 Nh3+ 19.Kg2 Qh4 20.Be2 Nxf2 21.Qe1 Qh3+ 22.Kg1 Ne4
23.Rxf8+ Bxf8 24.Nc3 Bd6 25.Nxe4 Bxh2+ 26.Kf2 dxe4 27.Qh1 Ba6 28.Bb4 Bg3+ {#R}
0-1

[Event "Ch Yugoslavia"]
[Site "Skender Vakuf (Yugoslavia)"]
[Round "2"]
[White "Kelecevic Nedeljko (SUI)"]
[Black "Hasani Habib (GER)"]
[Result "1-0"]
[WhiteElo "2229"]
[BlackElo "2185"]

1.Nf3 Nf6 2.c4 g6 3.g3 Bg7 4.Bg2 c6 5.O-O O-O 6.d4 d5 7.cxd5 cxd5 8.Ne5 Nc6
9.Nc3 e6 10.Nxc6 bxc6 11.Bf4 Nh5 12.Be3 Rb8 13.Na4 Bf6 14.Rc1 Bd7 15.b3 Qe7
16.Nc5 Rfc8 17.g4 Ng7 18.g5 Bxg5 19.Bxg5 Qxg5 20.Nxd7 Nf5 21.f4 Qh4 22.Nxb8
Rxb8 23.Qd3 Qf6 24.e3 g5 25.Rxc6 Kh8 26.Qc3 Ne7 27.f5 Nxc6 28.Qxc6 Rb6 29.Qc8+
Kg7 30.fxe6 Qxe6 31.Qxe6 fxe6 32.Rc1 Ra6 33.Rc2 {#r} 1-0

[Event "Ch Yugoslavia"]
[Site "Skender Vakuf (Yugoslavia)"]
[Round "1"]
[White "Klaric Zlatko (CRO)"]
[Black "Majeric Zoran (CRO)"]
[Result "0-1"]
[WhiteElo "2422"]
[BlackElo "2278"]

1.g3 c5 2.Bg2 g6 3.Nf3 Bg7 4.c3 Nc6 5.d4 cxd4 6.cxd4 Nf6 7.O-O d5 8.Ne5 O-O
9.Nc3 Bf5 10.Bg5 Ne4 11.Nxc6 bxc6 12.Nxe4 dxe4 13.Be3 e5 14.dxe5 Bxe5 15.Qc2
Qf6 16.Rab1 Bd4 17.Bxd4 Qxd4 18.Rfd1 Qxf2+ 19.Kxf2 e3+ 20.Kxe3 Bxc2 21.Bxc6
Rab8 22.Rdc1 Bxb1 23.Rxb1 Rb6 24.Be4 Re8 {#R} 0-1

[Event "Ch DDR (juniors) (under 20)"]
[Site "Ilmenau (Germany)"]
[Round "0"]
[White "Hein Carsten (GER)"]
[Black "Voekler Bernd (GER)"]
[Result "1-0"]
[WhiteElo "2178"]
[BlackElo "2374"]

1.Nf3 Nf6 2.g3 g6 3.Bg2 Bg7 4.O-O O-O 5.c4 c6 6.d4 d5 7.Nc3 Ne4 8.cxd5 cxd5
9.Qb3 Nxc3 10.bxc3 Nc6 11.a4 b6 12.Ba3 Ba6 13.Nd2 Rc8 14.Rac1 Bc4 15.Nxc4 dxc4
16.Qb5 Qc7 17.f4 Na5 18.e4 Nb3 19.Rcd1 a6 20.Qg5 Bf6 21.Qg4 b5 22.f5 Qa5 23.e5
h5 24.Qh3 Bg5 25.fxg6 fxg6 26.Qe6+ Kg7 27.Be4 {#r} 1-0

[Event "Tournament"]
[Site "Kuibyshev (Russia)"]
[Round "0"]
[White "Lisenko Alexander V (RUS)"]
[Black "Bezdan Tibor (HUN)"]
[Result "0-1"]
[WhiteElo "2341"]
[BlackElo "2233"]

1.Nf3 Nf6 2.c4 g6 3.g3 c6 4.Bg2 Bg7 5.O-O O-O 6.d4 d5 7.cxd5 cxd5 8.Ne5 Ng4
9.Nxg4 Bxg4 10.Nc3 Nc6 11.h3 Be6 12.e4 Nxd4 13.exd5 Bf5 14.Bf4 e5 15.dxe6 Bxe6
16.Kh2 Qb6 17.Rb1 Rfd8 18.Qa4 Rac8 19.Bg5 f6 20.Be3 Rc4 21.Bxd4 Rcxd4 22.Qc2
Bc4 23.Na4 Qd6 24.Rfe1 b5 25.Nc3 Rd2 26.Qc1 f5 27.b3 Bf7 28.Nxb5 Qb6 29.Qc6
Qxf2 30.Rf1 Bd5 31.Rxf2 Rxf2 {#R} 0-1

[Event "It (open)"]
[Site "Moron (Argentina)"]
[Round "0"]
[White "Christiansen Larry M (USA)"]
[Black "Browne Walter S (USA)"]
[Result "1-0"]
[WhiteElo "2575"]
[BlackElo "2570"]

1.g3 c5 2.Bg2 g6 3.c3 Bg7 4.d4 cxd4 5.cxd4 d5 6.Nf3 Nf6 7.O-O O-O 8.Ne5 Ng4
9.Nxg4 Bxg4 10.Nc3 Nc6 11.h3 Be6 12.e4 Nxd4 13.exd5 Bd7 14.Bg5 Nf5 15.Re1 h6
16.Bf4 Re8 17.Rc1 Qb6 18.Na4 Bxa4 19.Qxa4 Nd6 20.Rc2 Kf8 21.h4 Nf5 22.Qa3 a5
23.Bh3 Nd6 24.Rxe7 Rad8 25.Rxe8+ Kxe8 26.Be3 Qb4 27.Qxb4 axb4 28.Bb6 Ra8
29.Re2+ Kf8 30.Bc5 Rd8 31.Bxb4 {#r} 1-0

[Event "Ch URS (young masters)"]
[Site "Tallinn (Estonia)"]
[Round "0"]
[White "Sturua Zurab (GEO)"]
[Black "Malaniuk Vladimir P (UKR)"]
[Result "0-1"]
[WhiteElo "2524"]
[BlackElo "2496"]

1.c4 g6 2.d4 Nf6 3.Nf3 Bg7 4.g3 c6 5.Bg2 d5 6.cxd5 cxd5 7.O-O O-O 8.Ne5 e6
9.Nc3 Nfd7 10.Nf3 Nc6 11.Bg5 Qb6 12.Na4 Qa6 13.a3 h6 14.Bf4 g5 15.Be3 b5
16.Nc3 Qb6 17.Ne5 Ne7 18.f4 Nxe5 19.fxe5 Bxe5 20.a4 Bg7 21.axb5 Bb7 22.Bf2 a6
23.bxa6 Rxa6 24.Qd2 Nf5 25.Rxa6 Bxa6 26.Na4 Qb5 27.Nc3 Qa5 28.Rd1 Rb8 29.e4
dxe4 30.Nxe4 Qa2 31.Nc3 Qxb2 32.Qxb2 Rxb2 33.g4 Rxf2 {#R} 0-1

[Event "It (open)"]
[Site "Caorle (Italy)"]
[Round "1"]
[White "Sibilio Mario (ITA)"]
[Black "Cerchiari Fulvio"]
[Result "1-0"]
[WhiteElo "2364"]
[BlackElo "2075"]

1.d4 Nf6 2.Nf3 g6 3.g3 Bg7 4.Bg2 O-O 5.O-O d5 6.c4 c6 7.cxd5 cxd5 8.Ne5 Be6
9.Nc3 Nbd7 10.Nd3 Ne4 11.Nxe4 dxe4 12.Bxe4 Bxd4 13.Bh6 Re8 14.Bxb7 Rb8 15.Bg2
Ne5 16.Bf4 Nxd3 17.Qxd3 Bf5 18.Qc4 e5 19.Bc1 Bxb2 20.Bxb2 Rxb2 21.a4 Qd4
22.Qa6 Reb8 23.Rad1 Qb6 24.Qxb6 R8xb6 25.Rd8+ Kg7 26.Ra8 Ra6 27.Ra1 Rxa4
28.Re1 Rxe2 29.Rf1 {#r} 1-0

[Event "It \"]
[Site "Prague (Czech Republic)"]
[Round "11"]
[White "Padevsky Nikola (BUL)"]
[Black "Gazik Igor (SVK)"]
[Result "1-0"]
[WhiteElo "2355"]
[BlackElo "2328"]

1.d4 Nf6 2.c4 g6 3.Nf3 Bg7 4.g3 O-O 5.Bg2 c6 6.O-O d5 7.cxd5 cxd5 8.Nc3 Ne4
9.Qb3 Nc6 10.Bf4 g5 11.Bxg5 Nxd4 12.Nxd4 Nxg5 13.e3 e5 14.Nde2 d4 15.exd4 exd4
16.Nd5 Bg4 17.Nef4 Qd7 18.f3 Nh3+ 19.Bxh3 Bxh3 20.Rfe1 Bf5 21.Nh5 Kh8 22.Nxg7
Kxg7 23.Qc4 Be6 24.Qxd4+ f6 25.Rad1 Rad8 26.Qc5 b6 27.Qa3 Rfe8 28.Nxf6 Qxd1
29.Nxe8+ {#r} 1-0

[Event "Ch URS (qual)"]
[Site "Severodonetsk (Ukraine)"]
[Round "0"]
[White "Savon Vladimir A (UKR)"]
[Black "Tseitlin Mark D (ISR)"]
[Result "0-1"]
[WhiteElo "2485"]
[BlackElo "2403"]

1.Nf3 Nf6 2.c4 g6 3.g3 Bg7 4.Bg2 c6 5.O-O O-O 6.d4 d5 7.cxd5 cxd5 8.Ne5 Ng4
9.Nf3 Nf6 10.Ne5 Ng4 11.f4 Nxe5 12.dxe5 Nc6 13.Qxd5 Qb6+ 14.Kh1 Nb4 15.Qd1 Rd8
16.Nd2 Bf5 17.e4 Bd7 18.a4 Rac8 19.Ra3 Nc2 20.Rb3 Qa6 21.Qf3 Nd4 22.Qd3 Nxb3
23.Qxa6 bxa6 24.Nxb3 Bxa4 25.Na5 Bb5 {#R} 0-1

[Event "It \"]
[Site "Wijk aan Zee (Netherlands)"]
[Round "3"]
[White "Kindermann Stefan (AUT)"]
[Black "Langeweg Kick (NED)"]
[Result "1-0"]
[WhiteElo "2519"]
[BlackElo "2395"]

1.g3 c5 2.Bg2 Nc6 3.Nf3 g6 4.O-O Bg7 5.c3 Nf6 6.d4 cxd4 7.cxd4 d5 8.Ne5 O-O
9.Nxc6 bxc6 10.Nc3 Bf5 11.Bf4 Nd7 12.Na4 Qa5 13.Bd2 Qb5 14.Bc3 Rad8 15.b3 Rfe8
16.Rc1 e5 17.dxe5 Nxe5 18.Qd2 h5 19.Bd4 Nd3 20.Nc3 Qa5 21.Bxg7 Nxc1 22.Qh6
{#r} 1-0

[Event "It"]
[Site "Sindelfingen (Germany)"]
[Date "1984.10.24"]
[Round "5"]
[White "Gutman Lev (GER)"]
[Black "Weill Roland (FRA)"]
[Result "1-0"]
[WhiteElo "2485"]
[BlackElo "2205"]

1.Nf3 Nf6 2.g3 g6 3.Bg2 Bg7 4.O-O O-O 5.c4 c6 6.Nc3 d5 7.cxd5 cxd5 8.d4 Ne4
9.Ne5 Nxc3 10.bxc3 Nc6 11.Nxc6 bxc6 12.Qa4 Qd7 13.Rb1 Re8 14.e4 e6 15.Re1 Bf8
16.Bf4 Be7 17.Bf1 Bd8 18.exd5 exd5 19.Bh3 Rxe1+ 20.Rxe1 f5 21.c4 c5 22.Qxd7
Bxd7 23.Bg2 Rc8 24.Bxd5+ Kg7 25.Bb7 {#r} 1-0

[Event "Ch URS (qual)"]
[Site "Aktjubinsk (Kazakhstan)"]
[Round "0"]
[White "Sideif-Sade Fikret I (AZE)"]
[Black "Kachur Alexander (UKR)"]
[Result "1-0"]
[WhiteElo "2340"]
[BlackElo "2407"]

1.d4 Nf6 2.Nf3 g6 3.c4 Bg7 4.g3 c6 5.Bg2 d5 6.cxd5 cxd5 7.Nc3 O-O 8.Ne5 e6
9.O-O Nfd7 10.f4 Nxe5 11.fxe5 Nc6 12.e4 dxe4 13.Be3 f5 14.exf6 Rxf6 15.Nxe4
Rxf1+ 16.Qxf1 Nb4 17.Qc4 Nd5 18.Bf2 b6 19.Re1 Bb7 20.Bh3 Nc7 21.Bxe6+ Kh8
22.Ng5 Qxg5 23.Qxc7 Bf3 24.Bc8 h5 25.Re3 Bd5 26.Qd7 h4 27.Re8+ Kh7 28.Be3 Qh5
29.g4 {#r} 1-0

[Event "Ch Spain (team)"]
[Site "Barcelona (Spain)"]
[Round "0"]
[White "Romanishin Oleg M (UKR)"]
[Black "Martin Gonzalez Angel (ESP)"]
[Result "1-0"]
[WhiteElo "2590"]
[BlackElo "2430"]

1.Nf3 c5 2.g3 Nc6 3.Bg2 g6 4.c3 Bg7 5.d4 cxd4 6.cxd4 Nf6 7.Nc3 d5 8.Ne5 O-O
9.O-O Nxe5 10.dxe5 Ng4 11.Qxd5 Nxe5 12.Qc5 Nc6 13.Rd1 Qb6 14.Qa3 Be6 15.Be3
Qa5 16.Qxa5 Nxa5 17.Nd5 Bxb2 18.Nxe7+ Kg7 19.Rab1 Be5 20.Nd5 Rfd8 21.f4 Bd6
22.Bd4+ Kf8 23.a4 h5 24.Kf1 Nc6 25.Bf2 Rab8 26.Nc3 Kg7 27.Bxc6 bxc6 28.Rxb8
{#r} 1-0

[Event "Ch Czechoslovakia"]
[Site "Karvina (Czech Republic)"]
[Round "3"]
[White "Jurek Josef (CZE)"]
[Black "Mitura Vaclav (CZE)"]
[Result "1-0"]
[WhiteElo "2337"]
[BlackElo "2165"]

1.Nf3 c5 2.g3 Nf6 3.Bg2 g6 4.c3 Bg7 5.d4 cxd4 6.cxd4 O-O 7.Nc3 d5 8.Ne5 Nbd7
9.O-O Nb6 10.a4 a5 11.Qb3 Be6 12.Nd3 Ne4 13.Nf4 Nxc3 14.bxc3 Bg4 15.Rb1 Ra6
16.Nxd5 Nxd5 17.Qxd5 Bxe2 18.Qxd8 Rxd8 19.Re1 Bd3 20.Rxb7 Bf6 21.Ba3 e6 22.Bc5
Raa8 23.Bf1 Bxf1 24.Kxf1 Bg7 25.f4 Bf8 26.Bxf8 Kxf8 27.Ke2 h5 28.Kd3 Rd6
29.Reb1 Kg7 30.Rc7 Rd5 31.Rbb7 Rf5 32.h4 Rd8 33.Rb5 Kf6 34.Ra7 {#r} 1-0

[Event "It (open)"]
[Site "Lugano (Switzerland)"]
[Round "0"]
[White "Vogel Jaap (NED)"]
[Black "Cecconi Giovanni A (ITA)"]
[Result "1-0"]
[WhiteElo "2280"]
[BlackElo "2157"]

1.Nf3 Nf6 2.g3 c5 3.Bg2 g6 4.c3 Bg7 5.d4 cxd4 6.cxd4 d5 7.Ne5 O-O 8.Nc3 Nc6
9.O-O Bf5 10.Bf4 Qa5 11.a3 Ne4 12.Nxe4 dxe4 13.Nxc6 bxc6 14.b4 Qd5 15.e3 Rfd8
16.Rc1 Qd7 17.Qc2 Rdc8 18.Bxe4 Bxe4 19.Qxe4 f6 20.h4 Kf7 21.Rc5 h6 22.Qf3 Qh3
23.Rfc1 g5 24.hxg5 hxg5 25.Bxg5 Rh8 26.Bf4 {#r} 1-0

[Event "Tournament"]
[Site "Athens (Greece)"]
[Round "0"]
[White "Kourkounakis Ilias (GRE)"]
[Black "Kalagasidis Haralambos (GRE)"]
[Result "1-0"]
[WhiteElo "2381"]
[BlackElo "2151"]

1.g3 g6 2.Bg2 Bg7 3.d4 c5 4.c3 cxd4 5.cxd4 Nc6 6.Nf3 Nf6 7.O-O d5 8.Ne5 Qb6
9.Nxc6 bxc6 10.Nc3 Nd7 11.e3 O-O 12.b3 e5 13.Na4 Qa5 14.Bd2 Qd8 15.Rc1 exd4
16.Rxc6 Bb7 17.Rc1 dxe3 18.Bxe3 Nb6 19.Nc5 Bc8 20.Bd4 Bf5 21.Re1 Qd6 22.a4 Bh6
23.Rc3 Rfe8 24.a5 Nd7 25.Nxd7 Qxd7 26.Rc5 Be4 27.Bc3 Bxg2 28.Rxe8+ Qxe8 29.Qd4
Kf8 30.Rc7 {#r} 1-0

[Event "Ch France (team)"]
[Site "France"]
[Round "0"]
[White "Thebault Bernard (FRA)"]
[Black "Mailfert Jean-Pierre (FRA)"]
[Result "1-0"]
[WhiteElo "2079"]
[BlackElo "2121"]

1.d4 d5 2.c4 c6 3.Nf3 Nf6 4.Nc3 g6 5.cxd5 cxd5 6.g3 Bg7 7.Bg2 O-O 8.O-O Nc6
9.Ne5 e6 10.Bf4 Bd7 11.Nxd7 Qxd7 12.h3 Rac8 13.g4 h6 14.e3 Na5 15.Rc1 Nc4
16.b3 Nd6 17.Qd3 b6 18.Rc2 Rfd8 19.Rfc1 Bf8 20.Qa6 g5 21.Bxd6 Bxd6 22.Nxd5
Nxd5 23.Rxc8 Rxc8 24.Qxc8+ Qxc8 25.Rxc8+ Kg7 26.Bxd5 exd5 27.Rd8 {#r} 1-0

[Event "It"]
[Site "Halle (Germany)"]
[Round "5"]
[White "Lukov Valentin (BUL)"]
[Black "Tomaszewski Roman (POL)"]
[Result "1-0"]
[WhiteElo "2445"]
[BlackElo "2435"]

1.Nf3 Nf6 2.g3 g6 3.Bg2 Bg7 4.O-O O-O 5.c4 c6 6.d4 d5 7.cxd5 cxd5 8.Ne5 e6
9.Nc3 Nfd7 10.f4 Nxe5 11.fxe5 Nc6 12.e4 dxe4 13.Be3 f5 14.exf6 Rxf6 15.Nxe4
Rxf1+ 16.Qxf1 h6 17.Rd1 Ne7 18.Nf6+ Kh8 19.Ng4 Nf5 20.Bf4 Qb6 21.Be5 Bd7
22.Qf4 Rd8 23.Bc7 {#r} 1-0